[Event "Game 1774 - Rated game, 10m + 0s"]
[Site "Main Playing Hall"]
[Date "2003.10.27"]
[Round "?"]
[White "kmreese"]
[Black "MenZz"]
[Result "1-0"]
[WhiteElo "1323"]
[BlackElo "1149"]
[PlyCount "65"]

1. e4 e5 2. Nf3 f6 3. Bc4 Nh6 4. d4 d6
5. Nc3 Bg4 6. h3 Bh5 7. g4 Bf7 8. d5 c6
9. g5 cxd5 10. exd5 Nf5 11. Ne4 a6 12. gxf6 gxf6
13. c3 b5 14. Bb3 a5 15. a4 b4 16. cxb4 Ne7
17. Bc4 axb4 18. Bb5+ Nbc6 19. dxc6 Bd5 20. c7+ Bc6
21. cxd8=Q+ Rxd8 22. Nxf6+ Kf7 23. Nxe5+ Kxf6 24. Nxc6 Nxc6
25. Bxc6 Bg7 26. Qf3+ Ke6 27. Qd5+ Kf6 28. Bf4 h5
29. Rg1 Bh6 30. Qd4+ Kf5 31. Be4+ Kxf4 32. Bg6+ Kf3
33. Rg3# 1-0

[Event "Game 1775 - Rated game, 15m + 0s"]
[Site "Main Playing Hall"]
[Date "2003.10.29"]
[Round "?"]
[White "Atze_z"]
[Black "kmreese"]
[Result "0-1"]
[WhiteElo "1018"]
[BlackElo "1332"]
[PlyCount "52"]

1. c4 e5 2. e4 Nc6 3. Qf3 Nd4 4. Qd3 Nf6
5. Nf3 Bc5 6. Nxe5 d6 7. Qg3 Nc2+ 8. Kd1 Nxa1
9. Qxg7 dxe5 10. Qxh8+ Bf8 11. b3 Bg4+ 12. f3 Nxe4
13. Ke1 Nc2+ 14. Ke2 Nd4+ 15. Kd1 Bxf3+ 16. Be2 Bxe2+
17. Ke1 Qh4+ 18. g3 Nxg3 19. Qxe5+ Be7 20. Nc3 Ngf5+
21. Qg3 Nxg3 22. Kf2 Nxh1+ 23. Ke3 Bc5 24. a4 O-O-O
25. Bb2 Re8+ 26. Ne4 Rxe4# 0-1

[Event "Game 1779 - Rated game, 10m + 10s"]
[Site "Main Playing Hall"]
[Date "2003.10.30"]
[Round "?"]
[White "mcgo01"]
[Black "kmreese"]
[Result "0-1"]
[WhiteElo "1032"]
[BlackElo "1547"]
[Annotator "White - Resign"]
[PlyCount "22"]

1. e4 c5 2. d3 g6 3. g3 Bg7 4. c4 Nc6
5. Nc3 Nd4 6. Be3 d6 7. a3 h5 8. f3 Bd7
9. a4 e6 10. h3 h4 11. gxh4 Qxh4+ {White - Resign} 0-1

[Event "Game 1789 - Rated game, 10m + 0s"]
[Site "Main Playing Hall"]
[Date "2003.11.04"]
[Round "?"]
[White "Macke"]
[Black "kmreese"]
[Result "1-0"]
[WhiteElo "1303"]
[BlackElo "1338"]
[PlyCount "55"]

1. d4 d5 2. c4 Nf6 3. Nc3 dxc4 4. e3 Be6
5. Nf3 Nc6 6. e4 a6 7. d5 Nxe4 8. dxe6 Qxd1+
9. Nxd1 fxe6 10. Bxc4 e5 11. O-O e6 12. Bxe6 Bc5
13. Be3 Ke7 14. Bd5 Kd6 15. Bxe4 Bxe3 16. Nxe3 g6
17. Bxc6 bxc6 18. Rad1+ Ke6 19. Ng5+ Kf6 20. Ne4+ Ke6
21. Nc5+ Kf6 22. Rd7 h5 23. Rxc7 e4 24. Rxc6+ Ke5
25. Re6+ Kd4 26. Nb3+ Kd3 27. Rd6+ Ke2 28. Rd2# 1-0

[Event "Game 1795 - Friendly Game, 15m + 0s"]
[Site "Main Playing Hall"]
[Date "2003.11.05"]
[Round "?"]
[White "kmreese"]
[Black "Frits"]
[Result "1-0"]
[WhiteElo "1318"]
[BlackElo "1261"]
[Annotator "Black - Resign"]
[PlyCount "83"]

1. e4 e5 2. Nf3 Nc6 3. Bc4 Bc5 4. O-O Nf6
5. Kh1 O-O 6. d3 d6 7. Bg5 Nd4 8. Nxd4 Bxd4
9. c3 Bc5 10. d4 exd4 11. cxd4 Bb6 12. Nc3 h6
13. Bh4 g5 14. Nd5 Nxd5 15. Bxg5 hxg5 16. Bxd5 Qf6
17. g3 Bxd4 18. f4 g4 19. f5 Bxb2 20. Qxg4+ Qg7
21. Qh4 Bxa1 22. f6 Bxf6 23. Rxf6 Rb8 24. h3 Bd7
25. Rh6 Bc6 26. Bc4 Rbe8 27. Qh5 Bxe4+ 28. Kh2 Re5
29. Qh4 Bd5 30. Bd3 f5 31. g4 Be4 32. Bxe4 Rxe4
33. Qh5 Re2+ 34. Kg3 Qc3+ 35. Kh4 Qg7 36. Rg6 fxg4
37. Rxg7+ Kxg7 38. Qxg4+ Kh8 39. Qxe2 Rf4+ 40. Kg3 Ra4
41. Qe8+ Kg7 42. Qxa4 {Black - Resign} 1-0

[Event "Game 1799 - Rated game, 10m + 0s"]
[Site "Main Playing Hall"]
[Date "2003.11.06"]
[Round "?"]
[White "kmreese"]
[Black "robbier"]
[Result "1-0"]
[WhiteElo "1318"]
[BlackElo "1218"]
[Annotator "Black - Resign"]
[PlyCount "63"]

1. e4 c5 2. Nf3 e6 3. e5 Nc6 4. Bc4 f6
5. O-O Nxe5 6. Nxe5 fxe5 7. Re1 Qf6 8. Nc3 d5
9. Bd3 e4 10. Be2 Bd6 11. d3 a6 12. dxe4 d4
13. Na4 b5 14. Nb6 Rb8 15. Nxc8 Rxc8 16. f4 Qe7
17. e5 Bc7 18. a4 Nh6 19. axb5 axb5 20. Bxb5+ Kf7
21. Qh5+ Kg8 22. f5 exf5 23. Bc4+ Kf8 24. Bxh6 gxh6
25. Qxh6+ Qg7 26. Qc6 Re8 27. Ra8 Rxa8 28. Qxa8+ Ke7
29. Qb7 Kd8 30. e6 Rg8 31. e7+ Ke8 32. Bxg8 {Black - Resign} 1-0

[Event "Game 1801 - Friendly Game, 15m + 0s"]
[Site "Main Playing Hall"]
[Date "2003.11.07"]
[Round "?"]
[White "NoeLanois"]
[Black "kmreese"]
[Result "1-0"]
[WhiteElo "1356"]
[BlackElo "1331"]
[PlyCount "53"]

1. e4 c5 2. Nf3 d6 3. d4 cxd4 4. Nxd4 Nf6
5. Bd3 e5 6. Ne2 Bg4 7. O-O d5 8. exd5 e4
9. Bb5+ Nfd7 10. Qd2 a6 11. Bc4 b5 12. Bb3 Nc5
13. Ng3 Bd6 14. Nc3 h6 15. Ngxe4 Nxe4 16. Nxe4 Bxh2+
17. Kxh2 Qh4+ 18. Kg1 O-O 19. Re1 Rd8 20. Qe3 Re8
21. Bd2 Bf5 22. Qg3 Qd8 23. Bxh6 g6 24. Bg5 Qb6
25. Nf6+ Kf8 26. Rxe8+ Kg7 27. Rg8# 1-0

[Event "Game 1802 - Rated game, 10m + 0s"]
[Site "Beginners"]
[Date "2003.11.07"]
[Round "?"]
[White "chamanrvs"]
[Black "kmreese"]
[Result "0-1"]
[WhiteElo "1210"]
[BlackElo "1331"]
[Annotator "White - Resign"]
[PlyCount "50"]

1. d4 d5 2. c4 Nf6 3. Nf3 Be6 4. Nc3 dxc4
5. e4 Nc6 6. Be3 Bg4 7. Bxc4 e6 8. O-O Na5
9. Bf4 Nxc4 10. Nb5 Rc8 11. Qa4 c6 12. Nxa7 b5
13. Qa6 Ra8 14. Nxc6 Rxa6 15. Nxd8 Kxd8 16. d5 exd5
17. exd5 Nxd5 18. Ne5 Rf6 19. Nxg4 Rxf4 20. g3 Rxg4
21. Rad1 Rg5 22. b3 Nb2 23. Rc1 Nd3 24. Rc5 Nxc5
25. f4 Rf5 { White - Resign} 0-1

[Event "Game 1803 - Rated game, 10m + 0s"]
[Site "Beginners"]
[Date "2003.11.07"]
[Round "?"]
[White "kmreese"]
[Black "chamanrvs"]
[Result "1-0"]
[WhiteElo "1343"]
[BlackElo "1198"]
[Annotator "Black - Resign"]
[PlyCount "61"]

1. e4 e5 2. Nf3 Nc6 3. Bc4 Nf6 4. Ng5 Nxe4
5. Nxe4 Bc5 6. Nxc5 O-O 7. d4 exd4 8. h4 d5
9. Bb3 b6 10. Bg5 Qd6 11. Nd3 a5 12. O-O b5
13. Bf4 Qe6 14. Nc5 Qe7 15. Re1 Qxh4 16. Bxc7 Be6
17. Bg3 Qf6 18. Nd7 Bxd7 19. Bxd5 d3 20. cxd3 Qxb2
21. Bxc6 Qxa1 22. Bxa8 Qxa2 23. Bd6 Re8 24. Rxe8+ Bxe8
25. Nc3 Qe6 26. Bc5 b4 27. Bd5 Qc8 28. Ne4 Bc6
29. Bxf7+ Kxf7 30. Nd6+ Kg6 31. Nxc8 {Black - Resign} 1-0

[Event "Game 1805 - Friendly Game, 30m + 0s"]
[Site "Main Playing Hall"]
[Date "2003.11.08"]
[Round "?"]
[White "kmreese"]
[Black "scrawny-pawny"]
[Result "1-0"]
[WhiteElo "1588"]
[BlackElo "1316"]
[PlyCount "71"]

1. e4 e5 2. Nf3 d6 3. Bc4 Nh6 4. d3 f5
5. Bxh6 gxh6 6. exf5 Bxf5 7. O-O e4 8. dxe4 Bxe4
9. Nd4 d5 10. Bb5+ c6 11. Ba4 Bc5 12. Ne6 Qd6
13. Ng7+ Ke7 14. Re1 Rf8 15. Nd2 Bxf2+ 16. Kh1 Bxe1
17. Qxe1 Rf4 18. Rd1 Nd7 19. Nc4 Qc5 20. Ne3 Raf8
21. b4 Qd6 22. c4 Kd8 23. Nh5 Qg6 24. Nxf4 Rxf4
25. cxd5 cxd5 26. b5 Nc5 27. Qa5+ b6 28. Qxa7 Nxa4
29. Qa8+ Ke7 30. Qb7+ Ke6 31. Rg1 Rf2 32. Qc6+ Ke5
33. Qc7+ Kd4 34. Rd1+ Kxe3 35. Qc1+ Ke2 36. Qd2# 1-0

[Event "Game 1809 - Rated game, 12m + 0s"]
[Site "Beginners"]
[Date "2003.11.09"]
[Round "?"]
[White "Sgt. Rummy"]
[Black "kmreese"]
[Result "1-0"]
[WhiteElo "1176"]
[BlackElo "1354"]
[PlyCount "53"]

1. d4 d5 2. Nf3 g6 3. Bf4 Bg7 4. Be5 f6
5. Bg3 g5 6. Qd3 Nc6 7. a3 e6 8. e3 Nge7
9. Nbd2 h5 10. h4 g4 11. Nh2 f5 12. Be2 O-O
13. O-O-O e5 14. dxe5 Bxe5 15. Nhf1 Bxg3 16. Nxg3 Ne5
17. Qc3 N7g6 18. Nxh5 f4 19. e4 d4 20. Qb3+ Kh8
21. Bc4 Nxh4 22. Be6 Bxe6 23. Qxe6 Qg5 24. Rxh4 Nd3+
25. Kb1 Qxh4 26. Qh6+ Kg8 27. Qg7# 1-0

[Event "Game 1810 - Friendly Game, 10m + 0s"]
[Site "Main Playing Hall"]
[Date "2003.11.09"]
[Round "?"]
[White "kmreese"]
[Black "sfrkbstinachris"]
[Result "0-1"]
[WhiteElo "1328"]
[BlackElo "1363"]
[Annotator "White - Time"]
[PlyCount "56"]

1. e4 e5 2. Nf3 Nc6 3. Bc4 Bc5 4. O-O Nf6
5. Kh1 O-O 6. Nc3 d6 7. d3 Ng4 8. Bg5 Qd7
9. d4 exd4 10. Ne2 d3 11. Bxd3 Nxf2+ 12. Rxf2 Bxf2
13. e5 Nxe5 14. Nxe5 dxe5 15. Qf1 Bd4 16. Rd1 Qg4
17. Be7 Re8 18. h3 Qe6 19. Bh4 Bxb2 20. Re1 Qh6
21. Bg3 Qg5 22. Bc4 Be6 23. Bd3 h5 24. h4 Qg4
25. c3 Bxc3 26. Rc1 Ba5 27. Bb5 c6 28. Ba4 Bc4 {White - Time} 0-1

[Event "Game 1811 - Friendly Game, 10m + 0s"]
[Site "Main Playing Hall"]
[Date "2003.11.09"]
[Round "?"]
[White "sfrkbstinachris"]
[Black "kmreese"]
[Result "0-1"]
[WhiteElo "1363"]
[BlackElo "1328"]
[PlyCount "70"]

1. e4 c5 2. Nf3 d6 3. d4 Nf6 4. Bg5 Nxe4
5. Be3 Bg4 6. dxc5 Qa5+ 7. c3 dxc5 8. Bd3 f5
9. h3 Bh5 10. Nbd2 Nxc3 11. bxc3 Qxc3 12. Bb5+ Nd7
13. Bxc5 Qxc5 14. Bxd7+ Kxd7 15. Nb3+ Qd6 16. Ne5+ Ke8
17. Qxd6 exd6 18. Nc4 d5 19. Ne5 Bb4+ 20. Kf1 Rd8
21. Nf3 Bc3 22. Rc1 Bb4 23. Nbd4 Bg6 24. Nh4 Ba3
25. Re1+ Kf7 26. Nhxf5 Bb4 27. Rd1 Rhe8 28. Nh4 Bh5
29. g4 Bg6 30. Nxg6 Kxg6 31. h4 Re4 32. Rg1 Bc5
33. h5+ Kf7 34. Nf5 Rf4 35. Re1 Rxf2# 0-1

[Event "Game 1812 - Rated game, 15m + 2s"]
[Site "Main Playing Hall"]
[Date "2003.11.09"]
[Round "?"]
[White "Agamennone"]
[Black "kmreese"]
[Result "0-1"]
[WhiteElo "1565"]
[BlackElo "1588"]
[Annotator "White - Resign"]
[PlyCount "52"]

1. d4 Nf6 2. c4 d5 3. e3 Bf5 4. Nc3 e6
5. Nf3 Bg4 6. Be2 Ne4 7. cxd5 exd5 8. Nxe4 dxe4
9. Ne5 Be6 10. O-O Bd6 11. Qa4+ c6 12. h3 b5
13. Qc2 c5 14. Ng4 f5 15. Bxb5+ Ke7 16. dxc5 fxg4
17. cxd6+ Qxd6 18. hxg4 Bxg4 19. Qxe4+ Be6 20. b3 Nd7
21. a4 g6 22. Ba3 Nc5 23. Rfd1 Nxe4 24. Bxd6+ Nxd6
25. Rd2 Bxb3 26. Rad1 Bxd1 {White - Resign} 0-1

[Event "Game 1813 - Rated game, 15m + 2s"]
[Site "Main Playing Hall"]
[Date "2003.11.09"]
[Round "?"]
[White "kmreese"]
[Black "Agamennone"]
[Result "0-1"]
[WhiteElo "1605"]
[BlackElo "1548"]
[PlyCount "36"]

1. e4 c5 2. f4 Nc6 3. e5 g6 4. Nf3 d6
5. Bb5 dxe5 6. fxe5 e6 7. d3 Bd7 8. Bg5 Be7
9. O-O Bxg5 10. Nxg5 Qxg5 11. Nc3 Nge7 12. g3 a6
13. h4 Qxe5 14. Bxc6 Bxc6 15. Ne2 Nf5 16. d4 cxd4
17. Nf4 Qe3+ 18. Kh2 Qxg3# 0-1

[Event "Game 1815 - Friendly Game, 15m + 0s"]
[Site "Beginners"]
[Date "2003.11.10"]
[Round "?"]
[White "kmreese"]
[Black "paquito0110"]
[Result "1-0"]
[WhiteElo "1357"]
[BlackElo "1562"]
[PlyCount "49"]

1. e4 c5 2. Nf3 d6 3. Bc4 e6 4. e5 d5
5. Bb5+ Bd7 6. a4 Bxb5 7. axb5 Nd7 8. d4 c4
9. Nc3 Nb6 10. O-O Bb4 11. Ng5 Ne7 12. Qf3 O-O
13. Qh3 h6 14. f4 Nf5 15. Nf3 Bxc3 16. bxc3 Nd7
17. g4 Ne7 18. g5 Nf5 19. gxh6 Nxh6 20. Ng5 Re8
21. f5 Nf8 22. f6 Nh7 23. fxg7 a6 24. Qxh6 axb5
25. Qxh7# 1-0

[Event "Game 1816 - Friendly Game, 15m + 0s"]
[Site "Beginners"]
[Date "2003.11.10"]
[Round "?"]
[White "lfa"]
[Black "kmreese"]
[Result "1-0"]
[WhiteElo "1231"]
[BlackElo "1357"]
[Annotator "Black - Resign"]
[PlyCount "83"]

1. e4 c5 2. Nf3 Nf6 3. Nc3 d6 4. d4 cxd4
5. Nxd4 e5 6. Nf5 a6 7. Bg5 h6 8. Bh4 g5
9. Bg3 d5 10. Bd3 d4 11. Na4 Qa5+ 12. c3 Bd7
13. Bc2 b5 14. b4 Bxb4 15. cxb4 Qxb4+ 16. Qd2 Qxd2+
17. Kxd2 bxa4 18. Bxe5 Bxf5 19. Bxf6 O-O 20. exf5 Nc6
21. Rab1 Rfe8 22. Bxa4 Na5 23. Bxe8 Rxe8 24. Bxd4 Rd8
25. Rb4 Nc6 26. Re1 Nxb4 27. Kc3 Nd5+ 28. Kc4 Nf4
29. g3 Ne6 30. fxe6 Rc8+ 31. Kd3 Re8 32. e7 f5
33. Re6 Kf7 34. Re5 a5 35. a4 h5 36. Bc5 f4
37. gxf4 gxf4 38. Rxh5 Kf6 39. Ke4 Kg6 40. Rh4 Kg5
41. Rxf4 Kg6 42. Rf8 {Black - Resign} 1-0

[Event "Game 1818 - Rated game, 10m + 0s"]
[Site "Beginners"]
[Date "2003.11.11"]
[Round "?"]
[White "kmreese"]
[Black "mercielago"]
[Result "1-0"]
[WhiteElo "1294"]
[BlackElo "1152"]
[PlyCount "75"]

1. e4 e5 2. Nf3 d6 3. Bc4 Nc6 4. d3 Nf6
5. Ng5 d5 6. Bb3 Be6 7. c4 dxc4 8. dxc4 Nd7
9. c5 Be7 10. Bxe6 fxe6 11. Nxe6 Qc8 12. Qh5+ g6
13. Qh6 Nf6 14. Qg7 Qxe6 15. Qxh8+ Bf8 16. Bg5 Qg8
17. Bxf6 Qxh8 18. Bxh8 O-O-O 19. O-O Bxc5 20. Nc3 Rxh8
21. Nb5 a6 22. Nc3 h5 23. Nd5 g5 24. Rac1 b6
25. Rfd1 Nd4 26. Kf1 Rf8 27. b4 Bxb4 28. Nxb4 a5
29. Nd5 Ne6 30. Ne7+ Kb7 31. Rc6 Nf4 32. Rd7 Ka6
33. Rdxc7 Kb5 34. a4+ Kxa4 35. Rxb6 Rd8 36. Rc1 Rd2
37. Ra1+ Ra2 38. Rxa2# 1-0

[Event "Game 1825 - Rated game, 15m + 0s"]
[Site "Beginners"]
[Date "2003.11.13"]
[Round "?"]
[White "Eskizee"]
[Black "kmreese"]
[Result "0-1"]
[WhiteElo "983"]
[BlackElo "1357"]
[PlyCount "44"]

1. e3 e5 2. Nf3 d6 3. d4 e4 4. Nfd2 Nc6
5. Nxe4 Nf6 6. Nbc3 Nxe4 7. Nxe4 d5 8. Nc5 Bxc5
9. dxc5 Ne5 10. Bb5+ c6 11. Ba4 Qa5+ 12. c3 O-O
13. e4 Qa6 14. exd5 Re8 15. dxc6 Nc4+ 16. Be3 Nxe3
17. Qb3 Nf1+ 18. Kd1 Qe2+ 19. Kc1 Bf5 20. Rxf1 Qxf1+
21. Kd2 Rad8+ 22. Qd5 Rxd5# 0-1

[Event "Game 1832 - Friendly Game, 15m + 0s"]
[Site "Beginners"]
[Date "2003.11.15"]
[Round "?"]
[White "mauricio"]
[Black "kmreese"]
[Result "1-0"]
[WhiteElo "1318"]
[BlackElo "1361"]
[Annotator "Black - Resign"]
[PlyCount "45"]

1. e4 c5 2. c4 Nc6 3. a3 Nf6 4. Nc3 e6
5. Nf3 Bd6 6. b3 e5 7. Bb2 O-O 8. h3 Re8
9. g4 Bc7 10. Nb5 Nxe4 11. d3 Nxf2 12. Kxf2 e4
13. dxe4 Rxe4 14. Bd3 Rf4 15. Nxc7 Qh4+ 16. Kg2 Rb8
17. Nxh4 Ne7 18. Qc2 g6 19. Qc3 Rd4 20. Rae1 Kf8
21. Nf3 d5 22. Nxd4 cxd4 23. Qxd4 {Black - Resign} 1-0